| 000 | 01062cam a2200253 4500 | ||
|---|---|---|---|
| 001 | ABS65693 | ||
| 008 | 020730n2002 000 0 eng u | ||
| 035 | _a(Sirsi) u119100 | ||
| 245 | _aRetail supplement | ||
| 260 | _c2002 | ||
| 490 |
_aEstates Gazette _v(0229) 20 July 2002, 65-95(22) |
||
| 520 | _aCollection of articles on the retail sector: new concepts in retailing; Bhs (British Home Stores) successful re-invention; consumer spending boom and its effect on retail property; Chapelfields, Norwich's major new retail scheme; fashion parks; foreign retailers in the UK; retail property investment; Wal-Mart effect; changing lettings strategies; re-examination shopping centre and high street anchors. Tables and graphs. | ||
| 590 | _aABS | ||
| 650 | _aRETAIL PROPERTY | ||
| 650 | _aFASHION OUTLETS | ||
| 650 | _aRETAIL INVESTMENT | ||
| 650 | _aLETTINGS | ||
| 650 | _aNORWICH | ||
| 650 | _aFOREIGN RETAILERS | ||
| 650 | _aRETAIL PARKS | ||
| 650 | _aSHOPPING CENTRES | ||
| 690 | _aPROPERTY-COMMERCIAL PROPERTY-RETAIL PROPERTY | ||
| 942 | _n0 | ||
| 999 |
_c70846 _d70846 |
||